|
|
|
|
| LEADER |
00000cam a2200000 a 4500 |
| 001 |
vtls001112737 |
| 003 |
SK-MaSNL |
| 005 |
20260301193939.0 |
| 008 |
250313s1978 xo g b 001 0 slo |
| 015 |
|
|
|a SNBA1978
|
| 020 |
|
|
|q (brož.)
|
| 035 |
|
|
|a SNK000055580
|
| 035 |
|
|
|a urn:nbn:sk:snk-aml94k
|
| 035 |
|
|
|a urn:nbn:sk:snk-am008rwp
|
| 035 |
|
|
|a F90CB6D5-F1B7-451F-B1FC-4D50A15CCBB2
|
| 040 |
|
|
|a SNK
|b slo
|c SNK
|e AACR2
|
| 041 |
0 |
|
|a slo
|
| 044 |
|
|
|a xo
|c SK
|
| 080 |
|
|
|a 01(437.6)"1978":017.1
|2 1981
|
| 080 |
|
|
|a 017.1
|2 1981
|
| 080 |
|
|
|a 017.01(437.6)"1978"
|2 1981
|
| 100 |
1 |
|
|a Tyukosová, Gabriela,
|d 1949-1994
|4 aut
|9 163831
|
| 245 |
1 |
0 |
|a Evidenčný súpis plánovaných bibliografických prác na Slovensku na rok 1978
|c Gabriela Tyukosová, Dušan Katuščák
|
| 250 |
|
|
|a 1. vyd.
|
| 260 |
|
|
|a Martin
|b Matica slovenská
|c 1978
|
| 300 |
|
|
|a 156 s.
|c 29 cm
|
| 504 |
|
|
|a Bibliogr. odkazy ; reg.
|
| 648 |
|
7 |
|a 1978
|2 SNKPH
|9 377332
|
| 650 |
0 |
7 |
|a bibliografia
|z Slovensko
|2 SNKPH
|9 573884
|
| 655 |
|
7 |
|a súpisy
|2 SNKPH
|9 70480
|
| 700 |
1 |
|
|a Katuščák, Dušan,
|d 1946-
|4 aut
|9 13812
|
| 852 |
|
|
|a Slovenská národná knižnica
|
| 958 |
|
|
|a OND
|
| 958 |
|
|
|a NB
|
| 999 |
|
|
|c 879839
|d 881769
|
| 952 |
|
|
|t P60, <04>, [BOOK], {604}
|a SNK
|b SNK
|y VYP
|7 0
|p 17A0024952
|o snkSB 26992 D1
|i snkKSP 4881/78
|0 0
|1 0
|4 0
|d 1996-12-05
|l 0
|r 2004-12-31 00:00:00
|w 2026-02-24
|
| 952 |
|
|
|a SNK
|b SNK
|y PREZ
|7 0
|p 17A0968734
|o snkSB 26992
|i snkKSP 4880/78
|0 0
|1 0
|4 0
|d 2012-08-07
|f 1
|l 0
|r 2026-02-24 06:12:36
|w 2026-02-24
|